00889nam a22002537a 45000010005000000030006000050050017000110080041000280200018000690400029000870500013001160820012001291000021001412450083001622500055002452600038003003000049003385050008003875200135003955210021005305210020005516500031005717000033006024954FISKH20241028135229.0241028b cb ||||| |||| 00| 0 eng d a9780439678759 aFISKHbengcFISKHdFISKH aGV865.R6 a796.357 aRobinson, Sharon aPromises To Keep : bHow Jackie Robinson Changed America /cby Sharon Robinson aFirst Scholastic paperback printing, February 2005 aNew York :bScholastic ;c2004 .  a64 pages : bcolor illustrations ;c27 cm .  aZ  aA biography of baseball legend Jackie Robinson, the first African American to play in the major leagues, as told by his daughter. 8 a1030 bLexile 8 aZ bRaz-Plus  ablack historyvnon-fiction aKristina, Albertsoneeditor